Normal view
MARC view
- المجالي ، سامي . مؤلف، عواد ، صطام. مؤلف / ابراهيم الحويان ، عادل المعايطة ، وليد النسور ، اعداد
Entry Personal Name
001 - CONTROL NUMBER
- control field: 50839
003 - CONTROL NUMBER IDENTIFIER
- control field: JO-AjAnu
005 - DATE AND TIME OF LATEST TRANSACTION
- control field: 20230606082352.0
008 - FIXED-LENGTH DATA ELEMENTS
- fixed length control field: 230606|| aca||aabn | a|a d
040 ## - CATALOGING SOURCE
- Original cataloging agency: JO-AjAnu
- Transcribing agency: JO-AjAnu
100 ## - HEADING--PERSONAL NAME
- Personal name: المجالي ، سامي . مؤلف، عواد ، صطام. مؤلف / ابراهيم الحويان ، عادل المعايطة ، وليد النسور ، اعداد
670 ## - SOURCE DATA FOUND
- Source citation: Work cat.: (JO-AjAnu)25987: المجالي ، سامي . مؤلف، عواد ، صطام. مؤلف / ابراهيم الحويان ، عادل المعايطة ، وليد النسور ، اعداد, author, الرؤية الملكية لمسيرة الإصلاح دراسة وتوصيات للاوراق النقاشية الملكية الخمسة من وجهة نظر شبابية